000 00290nam a2200121Ia 4500
008 240719s9999 xx 000 0 und d
041 _aeng
082 _a920 SUN
100 _aSundaresan, Bharat
245 _aThe Dhoni Touch
260 _aGurugram
_bPenguin
_c2018
300 _a207 P.; 22 Cm.
999 _c41147
_d41147